Sports Quiz

Random Sports or NHL Quiz

New York Islanders leaders Quiz Stats

 Plays Quiz not verified by Sporcle

Challenge
Share
Tweet
Embed
Score 0/98 Timer 10:00
0 Plays Today
Player % Correct
John Tavares
95.3%
John Tavares
95.3%
Mike Bossy
94.6%
Mike Bossy
94.6%
Mike Bossy
94.6%
Mike Bossy
94.6%
Bryan Trottier
89.9%
Bryan Trottier
89.9%
Bryan Trottier
89.9%
Bryan Trottier
89.9%
Denis Potvin
88.5%
Denis Potvin
88.5%
Denis Potvin
88.5%
Rick DiPietro
87.8%
Rick DiPietro
87.8%
Rick DiPietro
87.8%
Rick DiPietro
87.8%
Rick DiPietro
87.8%
Miroslav Satan, Alexei Yashin
86.5%
Adrian Aucoin, Alexei Yashin, Roman Hamrlik
86.5%
Alexei Yashin
86.1%
Alexei Yashin
86.1%
Alexei Yashin
86.1%
Alexei Yashin
86.1%
Alexei Yashin
86.1%
Billy Smith
84.8%
New York Rangers
81.8%
New York Rangers
81.8%
Pittsburgh Penguins
80.4%
Clark Gillies
77%
Clark Gillies
77%
Pat LaFontaine
75.3%
Michael Peca
75.3%
Player % Correct
Pat LaFontaine
75.3%
Michael Peca
75.3%
Pat LaFontaine
75.3%
Toronto Maple Leafs
75%
Montreal Canadiens
74.7%
Mark Streit
73%
Mark Streit
73%
Washington Capitals
72.3%
Buffalo Sabres
72%
Tampa Bay Lightning
70.6%
Pierre Turgeon
70.6%
Ottawa Senators
70.3%
Doug Weight
68.9%
New Jersey Devils
67.2%
Kyle Okposo
67.2%
Jason Blake
66.2%
Jason Blake
66.2%
Bob Nystrom
62.5%
Bill Guerin
61.1%
Adrian Aucoin
55.4%
Chris Osgood
54.4%
Chris Osgood
54.4%
Brent Sutter, David Volek
54.1%
Zigmund Palffy
53.7%
Roman Hamrlik
53%
Duane Sutter
52.7%
Dwayne Roloson
52.7%
Brent Sutter
52.7%
Bryan Berard
51%
Trent Hunter, Oleg Kvasha
50.3%
Josh Bailey
50%
Patrick Flatley
49%
Steve Thomas, Dan Plante, Ray Ferraro
48%
Player % Correct
Janne Niinimaa, Mark Parrish
47%
Mark Parrish
47%
Al Arbour
44.6%
Al Arbour
44.6%
Kenny Jonsson
44.3%
Kenny Jonsson
44.3%
Ray Ferraro
41.6%
Mariusz Czerkawski
41.2%
Mariusz Czerkawski
41.2%
Mariusz Czerkawski
41.2%
Mick Vukota
37.8%
Bryan McCabe
34.8%
Joey MacDonald
34.1%
Nino Niederreiter
31.4%
Brock Nelson
31.4%
Mike Comrie
30.4%
Ryan Smyth
28.7%
Trevor Linden
26.7%
Bill Torrey
25.3%
Rich Pilon
23%
Ken Morrow
22.6%
Sean Bergenheim
22%
Calvin de Haan
21.3%
Robert Nilsson
21.3%
Kevin Weekes
18.2%
Garry Howatt
16.6%
John Vanbiesbrouck
15.9%
Mark Fitzpatrick
14.9%
Ryan O'Marra
14.5%
Eric Cairns
14.2%
Petteri Nokelainen
9.8%
Gerry Hart
7.1%

You're not logged in!

Compare scores with friends on all Sporcle quizzes.
Join for Free
OR
Log In

You Might Also Like...

Show Comments

Extras

Top Quizzes Today


Score Distribution

Your Account Isn't Verified!

In order to create a playlist on Sporcle, you need to verify the email address you used during registration. Go to your Sporcle Settings to finish the process.

Report this User

Report this user for behavior that violates our Community Guidelines.

Details: